00430 2200169 4500001002100000008004100021035002000062245003700082100001900119260003100138300002500169020002200194084001400216082000800230650001000238990001200248INLIS000000000001432 Ind  a0010-0924000029 aCinta tak terucapcNessa kartika aKartika, Nessa aMalangbRumah Kreasic2013 a298 hlm.c13 x 19 cm a978-602-7517-54-7 a813 NES c a813 aFiksi a0750933